GETS Theological Seminary Library

Reason and reality : (Record no. 27814)

MARC details
000 -LEADER
fixed length control field 00569nam a2200181Ia 4500
008 - FIXED-LENGTH DATA ELEMENTS--GENERAL INFORMATION
fixed length control field 200917s9999||||xx |||||||||||||| ||und||
020 ## - INTERNATIONAL STANDARD BOOK NUMBER
International Standard Book Number 1563380196
020 ## - INTERNATIONAL STANDARD BOOK NUMBER
International Standard Book Number 9781563380198
041 ## - LANGUAGE CODE
Language code of text/sound track or separate title eng
050 ## - LIBRARY OF CONGRESS CALL NUMBER
Classification number BL241
Item number .P57 1991
100 ## - MAIN ENTRY--PERSONAL NAME
Personal name Polkinghorne, John Charlton
245 #0 - TITLE STATEMENT
Title Reason and reality :
Remainder of title the relationship between science and theology /
Statement of responsibility, etc. John Charlton Polkinghorne
260 ## - PUBLICATION, DISTRIBUTION, ETC.
Place of publication, distribution, etc. Valley Forge Penn. :
Name of publisher, distributor, etc. Trinity Press International,
Date of publication, distribution, etc. 1991
300 ## - PHYSICAL DESCRIPTION
Extent 119 p.
Other physical details ;
Dimensions 22 cm.
650 ## - SUBJECT ADDED ENTRY--TOPICAL TERM
Topical term or geographic name entry element Religion and science.
650 ## - SUBJECT ADDED ENTRY--TOPICAL TERM
Topical term or geographic name entry element Theologie.
Holdings
Withdrawn status Lost status Damaged status Not for loan Home library Current library Shelving location Date acquired Total Checkouts Full call number Barcode Date last seen Price effective from Koha item type
        GETS Theological Seminary Library GETS Theological Seminary Library General Stacks 09/17/2020   BL241 .P57 1991 00015109 09/17/2020 09/17/2020 English Books
OpacCredits

Contact the Librarian, GETS Library
Email: library@mygets.org









Implemented by GETS Library
(Powered by ETCA Professional Group)
GETS Theological Seminary
412 E. Rowland Street, CA 91723